| 000 | 00890nam a22002417a 4500 | ||
|---|---|---|---|
| 001 | 7245 | ||
| 003 | FISKH | ||
| 005 | 20250704083817.0 | ||
| 008 | 250704b cb ||||| |||| 00| 0 eng d | ||
| 020 | _a9780545046527 | ||
| 040 |
_aFISKH _beng _cFISKH _dFISKH |
||
| 050 | _aQL821 .J46 | ||
| 082 | _a573.7 | ||
| 100 | _aJenkins, Steve | ||
| 245 |
_aBones: _bSkeletons and how they work / _cSteve Jenkins |
||
| 250 | _aFirst Scholastic paperback printing, October 2011 | ||
| 260 |
_aNew York : _bScholastic, _c2010 |
||
| 300 |
_a42 unnumbered pages : _bcolor illustrations ; _c28 cm |
||
| 520 | _aA guide to human and animal skeletons provides informative comparisons while sharing such facts as the number of bones in the human body and the ways that skeletal structures work. | ||
| 650 |
_aAnatomy _vHuman body _xAnimal Bones _yAnimals Biology |
||
| 942 |
_2ddc _cBK _n0 |
||
| 999 |
_c7245 _d7245 |
||